00884nam a2200241 i 450000100060000000300090000600500170001500700030003200800410003502000180007608000110009410000280010524500640013325000260019726000550022330000220027849000720030065000290037283000800040185200220048199900170050395201220052016363ES-MaACL20230906151313.0t|000904s1992 mx ||||1| spa d a968-16-3722-4 a616.891 aTissot, René.911034310aFunción simbólica y psicopatología / cRené Tissot. a1ª ed. en español. aMéxico : bFondo de Cultura Económica, c1992. a234 p. ; c21 cm.1 aSección de obras de psicología, psiquiatría y psicoanálisis 4aPsicopatología.9165771 aSección de obras de psicología, psiquiatría y psicoanálisis9179953 aES-MaACLjL-23569 c16363d16363 00104070aATENEOMbATENEOMcDEPO2d2008-01-17eSCl0oL-23569p1016625r2023-02-23 00:00:00w2023-02-23yMONOGRAFIA